00512nam a2200157Ia 450000500170000000800410001704100080005808200160006610000240008224500230010626000420012930000090017165000230018099900190020395201320022220250729165732.0250729s2009 xx 000 0 und d aeng a370.15 DANG aDandapani S9231723 aGeneral Psychology aNewdelhibNeelkamal Publicationc2009 a280p aPsychology9231724 c239424d239424 00104070aALbALd2025-07-29eManagement Booksg175.00l0o370.15 DANGpBED04743r2025-07-29 16:57:32v175.00w2025-07-29yBK